| 000 | 00621cam a22002292 4500 | ||
|---|---|---|---|
| 001 | 0000024850 | ||
| 003 | OSt | ||
| 005 | 20221027095933.0 | ||
| 008 | 140319s xx 000 0 eng d | ||
| 020 | _a1260571300 | ||
| 040 |
_aKABU _cKABU |
||
| 050 | 0 |
_aLB1051 _b.S26 2021 |
|
| 100 | 1 | _aSantrock, John W. | |
| 245 | 1 | 0 |
_aEducational psychology. _cJohn W. Santrock |
| 250 | _a7th ed. | ||
| 260 |
_aNew York : _bMcGraw-Hill ., _c2021 |
||
| 300 | _a1 vol. (Various pagings) ; | ||
| 650 | 0 | _aEducational psychology. | |
| 908 | _a140319 | ||
| 942 |
_2lcc _cBK |
||
| 999 |
_c19706 _d19705 |
||